000 01709nam a22004577a 4500
001 000096754
003 CHAP
005 20220329143212.0
008 070118d2006 mx r 00110 spa d
010 _a93220
011 _a94192
035 _a104776
040 _cCHAP
090 _aTesis
100 1 _aMonroy Sosa, Abigail
_977668
245 1 0 _aAlternativas para el control de gorgojo (Acanthoscelides obtectus Say) en tres variedades de frijol (Phaseolus vulgaris L.) /
_c/por Abigail Monroy Sosa.
260 _aChapingo, Méx. :
_bEl autor,
_c2006.
300 _a66 h. :
_bilus.; gráfs.; cuadros.
502 _aTesis (Ing. en Agroecología) - - UACH. Departamento de Agroecología
590 _aALEPH
_b10
_c20130110
_lUCH01
_h1516
590 _aBATCH-UPD
_b10
_c20130109
_lUCH01
_h2352
590 _aBATCH-UPD
_b10
_c20130110
_lUCH01
_h0824
590 _aBATCH-UPD
_b10
_c20130410
_lUCH01
_h0501
590 _aBATCH-UPD
_b10
_c20130913
_lUCH01
_h1847
590 _aBATCH-UPD
_b10
_c20140324
_lUCH01
_h1501
590 _aBATCH-UPD
_b10
_c20141002
_lUCH01
_h0833
590 _aCONVERSION
_b10
_c20130109
_lUCH01
_h1352
590 _aE792CSJ
_b10
_c20130610
_lUCH01
_h1020
650 1 4 _aAcanthoscelides obtectus.
_9402
650 1 4 _aControl biológico de plagas.
_927587
650 1 4 _aFrijol
_xAlmacenamiento
_xPlagas.
_943323
650 1 4 _aFrijol
_xVariedades.
_943446
650 1 4 _aPlantas aromáticas.
_988900
856 _3Finding aid
_uhttp://10.13.5.2/tesis/104776.pdf
_zTeclea aquí
901 _aBK
905 _aElisama A. H.
942 _cCD
942 _n0
949 _aTesis
_bBC
_cTES
_d33724002005520
_eTS1
_h46238
_i104776
_sb
949 _aTesis
_bBC
_cTES
_d33724002005561
_eTS2
_fc.2
_h46239
_i104776
_si
999 _c93220
_d93220